| 000 | 01050nam a22003257a 4500 | ||
|---|---|---|---|
| 001 | BR6003054 | ||
| 003 | BR-BrBNA | ||
| 005 | 20230928083145.0 | ||
| 007 | ta | ||
| 008 | 230509b bl.||||| |||| 00| 0 por d | ||
| 040 |
_aBR-BrBNA _bpor _cBiblioteca Nacional de Agricultura |
||
| 041 | _a(Por) | ||
| 072 |
_aE30; E10; E70 _b/G514 |
||
| 090 | _ E30 BR6003054 | ||
| 110 | 1 |
_aBanco Nacional do Desenvolvimento Economico, Rio de Janeiro, GB (Brasil) _91220 |
|
| 245 | 1 | _aAnalise e projecoes do desenvolvimento economico. 1. Introducao a tecnica de programacao. 2. O desenvolvimento economico do Brasil, bases de um programa de desenvolvimento para o periodo de 1955-62 | |
| 260 | 3 |
_aRio de Janeiro, GB (Brasil): _c1957. |
|
| 300 | _a359 p. | ||
| 650 | _aDESENVOLVIMENTO ECONOMICO | ||
| 650 | _aINVESTIMENTO | ||
| 650 | _aPRODUTIVIDADE | ||
| 650 | _aMAO-DE-OBRA | ||
| 650 | _aRENDA | ||
| 650 | _aRECEITA | ||
| 650 | _aORCAMENTO | ||
| 650 | _aINDUSTRIA | ||
| 650 | _aIMPORTACAO | ||
| 909 |
_a202309 _bLucia _c55 _dLucia Elande |
||
| 942 | _cBK | ||
| 999 |
_c11876 _d11876 |
||